000 00577nam a2200205Ia 4500
005 20250923145341.0
008 008 250917s9999 xx 000 0 eng d
037 _aTextual
040 _aDSWL
_beng
_cDSWL
041 _aeng
_2eng
084 _aX.1(Y:434), N75;1
_qDSWL
245 0 _aOriental countries today
_cEd. by B.G. Gafourov
260 _aCalcutta
_bStatistical Pub. Society
_c1975
300 _a249p.
365 _aINR
_b40 . 0
490 _vVol. I
925 _g40 . 0
942 _cTEXL
_hX.1(Y:434), N75;1
999 _c1450308
_d1450308